000
00240nam a2200097Ia 4500
001
715371
005
20250826162923.0
008
250824s9999 xx 000 0 und d
245
0
_a
AYDIN DESPOTİZMİ
_c
ALEV ALATLI
260
_b
EVEREST YAYINLARI
999
_c
715371
_d
715371